The art of thinking (Record no. 506)
[ view plain ]
| 000 -LEADER | |
|---|---|
| fixed length control field | nam a22 a 4500 |
| 005 - DATE AND TIME OF LATEST TRANSACTION | |
| control field | 20170504100220.0 |
| 008 - FIXED-LENGTH DATA ELEMENTS--GENERAL INFORMATION | |
| fixed length control field | 170504b1984 xxu||||| |||| 00| 0 eng d |
| 020 ## - INTERNATIONAL STANDARD BOOK NUMBER | |
| International Standard Book Number | 0060456655 (pbk.) |
| 040 ## - CATALOGING SOURCE | |
| Original cataloging agency | AKMAL |
| 082 ## - DEWEY DECIMAL CLASSIFICATION NUMBER | |
| Edition number | 19 |
| Classification number | 153.42 RUG |
| 090 ## - LOCALLY ASSIGNED LC-TYPE CALL NUMBER (OCLC); LOCAL CALL NUMBER (RLIN) | |
| Classification number (OCLC) (R) ; Classification number, CALL (RLIN) (NR) | 153.42 |
| Local cutter number (OCLC) ; Book number/undivided call number, CALL (RLIN) | RUG |
| 100 ## - MAIN ENTRY--PERSONAL NAME | |
| Personal name | Ruggiero, Vincent Ryan |
| 9 (RLIN) | 1140 |
| 245 ## - TITLE STATEMENT | |
| Title | The art of thinking |
| Remainder of title | a guide to critical and creative thought / |
| Statement of responsibility, etc. | Vincent Rayn Ruggiero. |
| 260 ## - PUBLICATION, DISTRIBUTION, ETC. | |
| Place of publication, distribution, etc. | New York, N.Y. |
| Name of publisher, distributor, etc. | Harper & Row |
| Date of publication, distribution, etc. | 1984. |
| 300 ## - PHYSICAL DESCRIPTION | |
| Dimensions | cm |
| 599 ## - LOCAL NOTE | |
| Local Note | DALAM PROSES |
| 650 ## - SUBJECT ADDED ENTRY--TOPICAL TERM | |
| Topical term or geographic name entry element | Thought and thinking. |
| 9 (RLIN) | 913 |
| 650 ## - SUBJECT ADDED ENTRY--TOPICAL TERM | |
| Topical term or geographic name entry element | Thought and thinking |
| General subdivision | Problems, exercises, etc. |
| 9 (RLIN) | 1141 |
| 852 ## - LOCATION | |
| Location | British Library |
| Sublocation or collection | DSC |
| 942 ## - ADDED ENTRY ELEMENTS (KOHA) | |
| Source of classification or shelving scheme | |
| Koha item type | Book |
| Withdrawn status | Lost status | Source of classification or shelving scheme | Damaged status | Not for loan | Collection code | Home library | Current library | Shelving location | Date acquired | Inventory number | Total Checkouts | Full call number | Barcode | Date last seen | Price effective from | Koha item type |
|---|---|---|---|---|---|---|---|---|---|---|---|---|---|---|---|---|
| NON-FICTION | AKMAL Melaka | AKMAL Melaka | PINJAMAN | 04.05.2017 | 100050 | 153.42 RUG | 201701380 | 04.05.2017 | 04.05.2017 | Book |
